| 000 | 00562nam a22001817a 4500 | ||
|---|---|---|---|
| 005 | 20260227100518.0 | ||
| 008 | 260227b |||||||| |||| 00| 0 eng d | ||
| 020 | _a9781394208968 (pbk) | ||
| 040 | _cPK-LaUMT | ||
| 082 |
_a658.4083 _bSAN-F |
||
| 100 |
_aSanders, Nada R. _99562 |
||
| 245 |
_aFoundations of sustainable business : _btheory, function, and strategy / _cby Nada R. Sanders and John D. Wood |
||
| 250 | _a3rd ed. | ||
| 260 |
_aHoboken : _bJohn Wiley, _c2024 |
||
| 300 | _a323 p. | ||
| 650 |
_aManagement-Environmental aspects _99563 |
||
| 942 | _cBK | ||
| 999 |
_c139932 _d139932 |
||